00428nam a2200181Ia 4500003000400000005001700004008004100021020000600062040000700068041000800075082002200083100001900105245004400124260004400168300001500212365001300227440000600240OSt20230328154636.0210423s2009 xx 000 0 und d a- cAL aeng a615.19 223bCHAG aCHATWAL (G R). aPharmaceutical chemistry: inorganic.V1. aMumbaibHimalaya Publishing Housec2009 aiv,469bPB b295cINR v1